Pakistan occupied Kashmir: (Record no. 26576)

MARC details
000 -LEADER
fixed length control field 01093nam a22002777a 4500
005 - DATE AND TIME OF LATEST TRANSACTION
control field 2009051900280.0
008 - FIXED-LENGTH DATA ELEMENTS--GENERAL INFORMATION
fixed length control field 081120t xxu||||| |||| 00| 0 eng d
010 ## - LCCN (DPL NO)
LC control number ENG-93599
020 ## - INTERNATIONAL STANDARD BOOK NUMBER
International Standard Book Number 8170493153
Terms of availability 495.00
035 ## - SYSTEM CONTROL NUMBER
System control number EN-77132
037 ## - SOURCE OF ACQUISITION
Source of stock number/acquisition DBAD / PUB
040 ## - CATALOGING SOURCE
Original cataloging agency dpl
Language of cataloging English
082 ## - DEWEY DECIMAL CLASSIFICATION NUMBER
Classification number 320.95411
245 ## - TITLE STATEMENT
Title Pakistan occupied Kashmir:
Statement of responsibility, etc edited by Virendra Gupta and Alok Bansal
Remainder of title the untold story /
260 ## - PUBLICATION, DISTRIBUTION, ETC. (IMPRINT)
Place of publication, distribution, etc New Delh
Name of publisher, distributor, etc Manas Publications
Date of publication, distribution, etc 2008
270 ## - ADDRESS
Address 4402/5A, Main Ansari Road, Daryaganj,
City New Delhi
Postal code 110002
300 ## - PHYSICAL DESCRIPTION
Extent xi, 251p.
Dimensions 22cm(Hb)
500 ## - GENERAL NOTE
General note Includes index
651 ## - SUBJECT ADDED ENTRY--GEOGRAPHIC NAME
Geographic name Azad Kashmir
General subdivision Politics and government
Chronological subdivision 20th century.
651 ## - SUBJECT ADDED ENTRY--GEOGRAPHIC NAME
Geographic name Azad Kashmir
General subdivision Politics and government
Chronological subdivision 21st century.
700 ## - ADDED ENTRY--PERSONAL NAME
Personal name Gupta, Virendra
700 ## - ADDED ENTRY--PERSONAL NAME
Personal name Bansal, Alok
942 ## - ADDED ENTRY ELEMENTS (KOHA)
Source of classification or shelving scheme Dewey Decimal Classification
Item type English Books
Call number suffix PAK
Classification part 320.95411
Holdings
Withdrawn status Lost status Source of classification or shelving scheme Damaged status Not for loan Collection code Home library Current library Date acquired Source of acquisition Cost, normal purchase price Total Checkouts Full call number Barcode Date last seen Copy number Cost, replacement price Koha item type
    Dewey Decimal Classification   Not For Loan Non-fiction D.B.Act.Division D.B.Act.Division 19/05/2009 DBAD / PUB 495.00   320.95411 PAK EN-77132 19/05/2009 1 495.00 English Books

© Delhi Public Library
Hit Counter
free hit counter